Terahertz Spectroscopy and Imaging (Record no. 21391)

MARC details
000 -LEADER
fixed length control field 01012nam a2200289Ia 4500
003 - CONTROL NUMBER IDENTIFIER
control field IN-BaIIA
008 - FIXED-LENGTH DATA ELEMENTS--GENERAL INFORMATION
fixed length control field 211028s9999 xx s 000 0 eng d
020 ## - INTERNATIONAL STANDARD BOOK NUMBER
International Standard Book Number 978-3-642-29563-8 (Print)
020 ## - INTERNATIONAL STANDARD BOOK NUMBER
International Standard Book Number 978-3-642-29564-5 (Online)
022 ## - INTERNATIONAL STANDARD SERIAL NUMBER
International Standard Serial Number 0342-4111 (Print)
022 ## - INTERNATIONAL STANDARD SERIAL NUMBER
International Standard Serial Number 1556-1534 (Online)
040 ## - CATALOGING SOURCE
Transcribing agency IIA Library
100 ## - MAIN ENTRY--PERSONAL NAME
Personal name Peiponen, Kai-Erik
9 (RLIN) 39577
245 #0 - TITLE STATEMENT
Title Terahertz Spectroscopy and Imaging
Medium [eBook]
260 ## - PUBLICATION, DISTRIBUTION, ETC.
Place of publication, distribution, etc. Heidelberg, Berlin
Name of publisher, distributor, etc. Springer Berlin Heidelberg
Date of publication, distribution, etc. 2013
300 ## - PHYSICAL DESCRIPTION
Extent Online resource
490 ## - SERIES STATEMENT
Series statement Springer Series in Optical Sciences
650 ## - SUBJECT ADDED ENTRY--TOPICAL TERM
Topical term or geographic name entry element Atomic, Molecular, Optical and Plasma Physics
650 ## - SUBJECT ADDED ENTRY--TOPICAL TERM
Topical term or geographic name entry element Classical Electrodynamics
9 (RLIN) 27032
650 ## - SUBJECT ADDED ENTRY--TOPICAL TERM
Topical term or geographic name entry element Microwaves, RF and Optical Engineering
650 ## - SUBJECT ADDED ENTRY--TOPICAL TERM
Topical term or geographic name entry element Optics, Lasers, Photonics, Optical Devices
650 ## - SUBJECT ADDED ENTRY--TOPICAL TERM
Topical term or geographic name entry element Physics
9 (RLIN) 73
700 ## - ADDED ENTRY--PERSONAL NAME
Personal name Kuwata-Gonokami,Makoto
9 (RLIN) 39578
700 ## - ADDED ENTRY--PERSONAL NAME
Personal name Zeitler, Axel
9 (RLIN) 39579
856 ## - ELECTRONIC LOCATION AND ACCESS
Uniform Resource Identifier <a href="http://doi.org/10.1007/978-3-642-29564-5">http://doi.org/10.1007/978-3-642-29564-5</a>
Link text Click Here to Access eBook
942 ## - ADDED ENTRY ELEMENTS (KOHA)
Koha item type eBooks
Holdings
Withdrawn status Lost status Damaged status Not for loan Home library Current library Date acquired Source of acquisition Serial Enumeration / chronology Total Checkouts Barcode Date last seen Uniform Resource Identifier Price effective from Koha item type
        IIA Library-Bangalore IIA Library-Bangalore 01/01/2013 Springer V. 171   EB851 05/11/2021 http://doi.org/10.1007/978-3-642-29564-5 05/11/2021 eBooks

Powered by Koha